书目信息 |
| 题名: |
癌症标准手术图解
|
|
| 作者: | (日) 山口俊晴 , (日) 上野雅资 主编 | |
| 分册: | ||
| 出版信息: | 北京 北京科学技术出版社 2020.9 |
|
| 页数: | 126页 | |
| 开本: | 24cm | |
| 丛书名: | ||
| 单 册: | ||
| 中图分类: | R730.56-64 , R730.56 | |
| 科图分类: | ||
| 主题词: | 结肠癌--外科手术--图解 , 直肠癌--外科手术--图解 | |
| 电子资源: | ||
| ISBN: | 978-7-5714-1051-3 | |
| 000 | 01310nam0 2200253 450 | |
| 001 | 2148269262 | |
| 005 | 20210104134042.79 | |
| 010 | @a978-7-5714-1051-3@dCNY148.00 | |
| 100 | @a20200728d2020 em y0chiy0110 ea | |
| 101 | 0 | @achi |
| 102 | @aCN@b110000 | |
| 105 | @ay z 000yy | |
| 200 | 1 | @a癌症标准手术图解@9ai zheng biao zhun shou shu tu jie@f(日) 山口俊晴, (日) 上野雅资主编 |
| 210 | @a北京@c北京科学技术出版社@d2020.9 | |
| 215 | @a126页@d24cm | |
| 330 | @a本书根据日本癌研有明医院日常的手术方法编写,逐一指导年轻主刀医生施行结直肠癌手术的过程中那些通用、无异议、易理解的关键点。配合手术真实图片与临摹图片,总论篇对一般手术需要掌握的技巧进行详实介绍,手术技术篇介绍由简到难、从常规手术到复杂手术的特点,对各种手术均按适应证、术前准备、手术步骤、手术详细图解、术中注意要点、术后处理等予以详述,并介绍控制和回避各个阶段可能出现风险的技巧。此外还对应用日渐广泛的其他手术技巧进行了介绍。更为重要的是,书中的图片所显示的不是单纯的形态,而是基于癌症手术原则上的最新局部解剖的再现,是一本不可多得的手术图谱。 | |
| 606 | 0 | @a结肠癌@x外科手术@j图解 |
| 606 | 0 | @a直肠癌@x外科手术@j图解 |
| 690 | @aR730.56-64@v5 | |
| 690 | @aR730.56@v4 | |
| 701 | 0 | @a(日) 山口俊晴@9shan kou jun qing@4主编 |
| 701 | 0 | @a(日) 上野雅资@9shang ye ya zi@4主编 |
| 801 | 2 | @aCN@b58marc.cn@c20200728 |
| 905 | @aZUCC@dR730.56@e6 | |
| 癌症标准手术图解/(日) 山口俊晴, (日) 上野雅资主编.-北京:北京科学技术出版社,2020.9 |
| 126页;24cm |
| ISBN 978-7-5714-1051-3:CNY148.00 |
| 本书根据日本癌研有明医院日常的手术方法编写,逐一指导年轻主刀医生施行结直肠癌手术的过程中那些通用、无异议、易理解的关键点。配合手术真实图片与临摹图片,总论篇对一般手术需要掌握的技巧进行详实介绍,手术技术篇介绍由简到难、从常规手术到复杂手术的特点,对各种手术均按适应证、术前准备、手术步骤、手术详细图解、术中注意要点、术后处理等予以详述,并介绍控制和回避各个阶段可能出现风险的技巧。此外还对应用日渐广泛的其他手术技巧进行了介绍。更为重要的是,书中的图片所显示的不是单纯的形态,而是基于癌症手术原则上的最新局部解剖的再现,是一本不可多得的手术图谱。 |
| ● |
| 相关链接 |
|
|
|
正题名:癌症标准手术图解
索取号:R730.56/6
 
预约/预借
| 序号 | 登录号 | 条形码 | 馆藏地/架位号 | 状态 | 备注 |
| 1 | 2000877620 | 2000877620 | 第二书库/ [索取号:R730.56/6] | 在馆 | |
| 2 | 2000877621 | 2000877621 | 第二书库/ [索取号:R730.56/6] | 在馆 | |
| 3 | 2000877622 | 2000877622 | 第二书库/ [索取号:R730.56/6] | 在馆 |